书目信息 |
| 题名: |
戴手铐的人
|
|
| 作者: | 纪明 著 | |
| 分册: | ||
| 出版信息: | 北京 群众出版社 1980 |
|
| 页数: | 258页 | |
| 开本: | 19cm | |
| 丛书名: | ||
| 单 册: | ||
| 中图分类: | I235.17 | |
| 科图分类: | ||
| 主题词: | 电影文学剧本--中国--现代 | |
| 电子资源: | ||
| ISBN: | ||
| 000 | 00609nam0 2200229 45 | |
| 001 | 0180008289 | |
| 005 | 20060913084701.42 | |
| 010 | @dCNY0.60 | |
| 091 | @aCN@b10067.206 | |
| 100 | @a19950531d1980 em y0chiy0121 ea | |
| 101 | 0 | @achi |
| 102 | @aCN@b110000 | |
| 105 | @ay z 000by | |
| 200 | 10 | @a戴手铐的人@Adai shou kao de ren@e电影文学剧本@f纪明等著 |
| 210 | @a北京@c群众出版社@d1980 | |
| 215 | @a258页@d19cm | |
| 606 | @a电影文学剧本@y中国@z现代 | |
| 690 | @aI235.17@v3 | |
| 701 | 0 | @a纪明@Aji ming@4著 |
| 801 | 2 | @aCN@bNLC@c20060913 |
| 801 | 0 | @aCN@bTSSF@c20060804 |
| 905 | @a10447@dI235.17@e130 | |
| 戴手铐的人:电影文学剧本/纪明等著.-北京:群众出版社,1980 |
| 258页;19cm |
| ISBN :CNY0.60 |
| ● |
| 相关链接 |
|
|
|
|
正题名:戴手铐的人
索取号:I235.17/130
 
预约/预借
| 序号 | 登录号 | 条形码 | 馆藏地/架位号 | 状态 | 备注 |
| 1 | 0426932 | 204269326 | 密集书库/ [索取号:I235.17/130] | 在馆 | |
| 2 | 0449382 | 204493823 | 密集书库/ [索取号:I235.17/130] | 在馆 | |
| 3 | 0475095 | 204750956 | 密集书库/ [索取号:I235.17/130] | 在馆 |